Freeze Frame TV Ladder Quiz Stats

Quiz Updated Feb 3, 2017

Also try: The World Ladder
Challenge
Share
Tweet
Score 0/20 Timer 05:00
4 Plays Today
% Correct
The MASK
93.8%
CARE Bears
93.6%
M.A.S.H.
91.8%
I LOVE Lucy
86.9%
LOST
86%
The LONE Ranger
82.5%
CASH Cab
82.2%
Whose LINE is
it Anyway?
81.5%
Chicago FIRE
77.3%
Cold CASE
77%
% Correct
Saturday Night LIVE
76.7%
Double DARE
73.3%
Party of FIVE
72.9%
Win, LOSE or Draw
71.7%
LAST Week Tonight
66.2%
Lonesome DOVE
64.2%
The DAME Edna
Experience
59%
The WIRE
54.8%
Under the DOME
52.3%
Last of the
Summer WINE
50.5%

You're not logged in!

Compare scores with friends on all Sporcle quizzes.
Join for Free
OR
Log In

You Might Also Like...

Show Comments

Extras

Top Quizzes Today


Score Distribution

Your Account Isn't Verified!

In order to create a playlist on Sporcle, you need to verify the email address you used during registration. Go to your Sporcle Settings to finish the process.

Report this User

Report this user for behavior that violates our Community Guidelines.

Details: